| 000 | 00687nam a2200181Ia 4500 | ||
|---|---|---|---|
| 008 | 210719s2019 xx 000 0 und d | ||
| 041 | _akan | ||
| 082 | _a294.535K HARS | ||
| 100 | _aHARSHENDRA KUMAR (Di);VIJAYAKUMAR D NERLEKAR | ||
| 245 |
_aSuvarna sanchaya 14: Shreyassu _bRudset |
||
| 260 |
_aUjire _bGolden Jubilee Celebrartion Committee, Dharmastala _c2019 |
||
| 300 |
_a203 _bPB |
||
| 365 |
_b150 _cRs |
||
| 440 |
_aShri D Veerendra Heggadeyavara pattabisheka suvarna mahotsava pustaka malike _v14 |
||
| 650 | _aHinduism | ||
| 650 | _aHinduism | ||
| 906 | _a14: ; Heggadeyavara ; mahotsava ; malike ; pattabisheka ; pustaka ; Rudset ; sanchaya ; Shreyassu ; Suvarna ; Veerendra | ||
| 999 |
_c216048 _d216048 |
||